000 00388nam a2200169 4500
020 _a9788198450166
082 _aM3
_bNIZ/A
100 _aNizar Ilthumish
245 _aAgartha/
_cby Nizar Ilthumish
250 _a21
260 _aCalicut:
_bMankind,
_c2024.
300 _a190p.
650 _aNovel Malayalam
650 _aLiterature Malayalam
650 _aLiterature
942 _cBK
999 _c181831
_d181831